000 00801 a2200241 4500
003 OSt
005 20180116192340.0
008 120524t xxu||||| |||| 00| 0 eng d
010 _a 81009419
020 _a0891305246 (pbk.)
040 _c0
082 0 0 _a726.30933
100 1 _aChiat, Marilyn Joyce Segal.
_92071
245 1 0 _aHandbook of synagogue architecture /
_cby Marilyn Joyce Segal Chiat.
260 _aChico, Calif :
_bScholars Press,
_cc1982.
300 _axii, 404 p. :
_bill. ;
_c23 cm.
440 0 _aBrown Judaic studies ;
_vno. 29
_92072
500 _aIncludes index .
650 0 _aSynagogue architecture
_zPalestine.
_92073
651 0 _aPalestine
_xAntiquities.
_92074
942 _aSADA
_cBK
_k726.30933 CHI 1982
_2ddc
999 _c352615
_d352615